| 000 | 00470pab a2200169 454500 | ||
|---|---|---|---|
| 008 | 180718b2011 xxu||||| |||| 00| 0 eng d | ||
| 100 | _aEmerson, Patrick M. | ||
| 245 | _aIs child labor harmful? The impact of working earlier in life on adult earnings | ||
| 260 | _c2011 | ||
| 300 | _ap.345-385. | ||
| 362 | _aJan | ||
| 650 | _aChild labour | ||
| 700 | _aSouza, Andre Portela | ||
| 773 | _aEconomic Development and Cultural Change | ||
| 908 | _aN | ||
| 909 | _a90752 | ||
| 999 |
_c90752 _d90752 |
||